000
00318nam a2200133Ia 4500
008
191201s2013 xx 000 0 und d
082
_a
658.007
_b
KUR
100
_a
KUMAR,Ranjit
245
0
_a
Research Methodology
260
_a
N. delhi
_b
Saga Publications
_c
2013
300
_a
415
650
_a
BBA
942
_2
ddc
_c
BK
_0
1
999
_c
5784
_d
5784